000 00516cab a2200181 4500
001 WB2612-21
008 090401t1990 xxu||||| |||| 00| 0 eng d
035 _a(Sirsi) u15662
041 _aeng
245 _aInterest rate quashes housing market
260 _c1990
350 _a0
490 _aRICS Press Release
_vPR27/90 15 March 1990 £3.00
520 _aA slight upturn in the housing market was arrested by the latest rise in the interest rate .
690 _aHOUSING
942 _n0
948 _c04/03/1997
999 _c10298
_d10298